Daňová kontrola a opakovaná daňová kontrola

Pokračovanie príspevku z predchádzajúceho čísla. Práva a povinnosti kontrolovaného daňového subjektu. Ilustračné príklady.

Gespeichert in:
Bibliographische Detailangaben
1. Verfasser: Mrvová, Marta
Format: Buchkapitel
Sprache:Slowakisch
Schlagworte:
Tags: Tag hinzufügen
Keine Tags, Fügen Sie das erste Tag hinzu!

MARC

LEADER 00000naa a2200000 4500
001 0117776
005 20231127100725.5
041 0 |a slo 
044 |a SK 
245 1 0 |a Daňová kontrola a opakovaná daňová kontrola  |c Marta Mrvová 
520 |a Pokračovanie príspevku z predchádzajúceho čísla. Práva a povinnosti kontrolovaného daňového subjektu. Ilustračné príklady. 
610 2 0 |a kontrola daňová 
610 2 0 |a daňovníci 
610 2 0 |a úrady daňové 
610 2 0 |a Slovensko 
100 1 |a Mrvová, Marta